Pays d'Europe en toki pona - Clic Carte - Statistiques

Statistiques générales
  • Ce quiz a été pris 44 fois
  • Le résultat moyen est 16 sur 45
Réponses sur la Carte
Les réponses sont colorées sur une échelle allant du rouge au vert en fonction du pourcentage des utilisateurs qui les ont devinées à leur premier essai. Vous pouvez retrouver ces pourcentages ci-dessous.
 
Statistiques - réponses
Réponse % Correct
ma Espanja
79%
ma Ukawina
79%
ma Italija
77%
ma Monako
72%
ma Koso
70%
ma Netelan
60%
ma Posuka
60%
ma Isilan
58%
ma Lijatuwa
56%
ma Mata
56%
ma Samalino
56%
ma Lisensam
53%
ma Maketonija
51%
ma Kanse
49%
ma Potuke
49%
ma Nosiki
47%
ma Lomani
42%
ma Elena
37%
ma Pelalusi
37%
ma Suwasi
37%
ma Sumi
35%
ma Esi
33%
ma Antola
30%
ma Lawi
30%
ma Motowa
30%
ma Wasikano
30%
ma Losi
26%
ma Juke
23%
ma Lusepu
23%
ma Esalasi
21%
ma Sopisi
21%
ma Tosi
21%
ma Mosijo
16%
ma Pokasi
16%
ma Posan
16%
ma Wensa
16%
ma Lowensina
14%
ma Tansi
14%
ma Alan
12%
ma Lowenki
12%
ma Nakola
12%
ma Lowasi
9%
ma Pesije
9%
ma Seki
9%
ma Sipe
7%
Aucun quiz correspondant
Distribution des résultats
% des personnes avec chaque résultat
Percentile par nombre de réponses
Votre historique - résultats
Vous n’avez pas pris ce quiz